书目信息 |
| 题名: |
和你同画园中鸟
|
|
| 作者: | 纳尔森 编著 ;常宁生 , 翟晶 , 唐小琴 译 | |
| 分册: | ||
| 出版信息: | 南京 江苏美术出版社 2001 |
|
| 页数: | 127页 | |
| 开本: | 30cm | |
| 丛书名: | 世界绘画大师 | |
| 单 册: | ||
| 中图分类: | J211.28 | |
| 科图分类: | ||
| 主题词: | 鸟类--动物画--技法(美术) , 绘画--技法(美术) | |
| 电子资源: | ||
| ISBN: | 7-5344-1171-8 | |
| 000 | 00839nam0 2200265 45 | |
| 001 | 0302181461 | |
| 005 | 20031219104103.7 | |
| 010 | @a7-5344-1171-8@dCNY58.00 | |
| 100 | @a20030218d2001 km y0chiy0120 ea | |
| 101 | 0 | @achi@ceng |
| 105 | @aa z 000yy | |
| 200 | 1 | @a和你同画园中鸟@AHe Ni Tong Hua Yuan Zhong Niao@f(美)纳尔森编著@F(Mei)Na Er Sen Bian Zhu@g常宁生,翟晶,唐小琴译 |
| 210 | @a南京@c江苏美术出版社@d2001 | |
| 215 | @a127页@d30cm | |
| 225 | @a世界绘画大师@i动物画技法@h6 | |
| 410 | @12001 @a世界绘画大师 | |
| 606 | 0 | @a鸟类@x动物画@x技法(美术) |
| 606 | 0 | @a绘画@x技法(美术) |
| 690 | @aJ211.28@v4 | |
| 701 | 0 | @a纳尔森@4编著 |
| 702 | 0 | @a常宁生@AChang Ning Sheng@4译 |
| 702 | 0 | @a翟晶@AZhai Jing@4译 |
| 702 | 0 | @a唐小琴@ATang Xiao Qin@4译 |
| 801 | @aCN@bTSTC@c20030218 | |
| 905 | @b319797-799@dJ211.28@e172:6@f3 | |
| 和你同画园中鸟/(美)纳尔森编著/常宁生,翟晶,唐小琴译.-南京:江苏美术出版社,2001 |
| 127页;30cm.-(世界绘画大师.动物画技法.6) |
| ISBN 7-5344-1171-8:CNY58.00 |
| ● |
| 相关链接 |
|
|
|
|
正题名:和你同画园中鸟
索取号:J211.28/172:6
 
预约/预借
| 序号 | 登录号 | 条形码 | 馆藏地/架位号 | 状态 | 备注 |
| 1 | 0319797 | 203197977 | 第一借阅区/ [索取号:J211.28/172:6] | 在馆 | |
| 2 | 0319798 | 203197986 | 第一借阅区/ [索取号:J211.28/172:6] |
已借出,限还日期为2010.02.04 借出人:尹义斌 |
|
| 3 | 0319799 | 203197995 | 第一样本阅览室/ [索取号:J211.28/172:6] | 在馆 |